000 00267nam a22001097a 4500
008 170120b xxu||||| |||| 00| 0 eng d
020 _a9780763744373
041 _aeng
080 _a618.2
245 _aEVIDENCE-BASED PRACTICE FOR NURSES
_cSCHMIDT, N.A
942 _2udc
_cBK
999 _c3267
_d3267